L'industrie du médicament

Đã lưu trong:
书目详细资料
主要作者: Sigvard, Jacqueline
格式: 图书
语言:Undetermined
出版: Paris Calmann - Lévy 1975
主题:
标签: 添加标签
没有标签, 成为第一个标记此记录!
Thư viện lưu trữ: Trung tâm Học liệu Trường Đại học Cần Thơ
LEADER 00488nam a2200181Ia 4500
001 CTU_81550
008 210402s9999 xx 000 0 und d
082 |a 338.4 
082 |b S574 
100 |a Sigvard, Jacqueline 
245 0 |a L'industrie du médicament 
245 0 |c Jacqueline Sigvard 
260 |a Paris 
260 |b Calmann - Lévy 
260 |c 1975 
650 |a Pharmaceutical industry 
904 |i Trọng Hải 
980 |a Trung tâm Học liệu Trường Đại học Cần Thơ